000 00445nam a2200169Ia 4500
999 _c6989
_d6989
003 GBCCL
005 20241126110616.0
008 180705b ||||| |||| 00| 0 eng d
040 _cGBC
082 _a573.8603
_bREA
245 _aMaximise Your Brain Power:
_bA Practical Guide to Stretching Your Mind
260 _bREADER'S DIGEST
260 _c2000
300 _a320p.
650 _aIntellect
_vBrain - Popular works
_912435
942 _2ddc
_cREF